000 00988cad a22002415a 4500
001 E151595
008 101122s2010 xxk f 100 0 eng d
020 _a9781842196199
035 _a(Sirsi) u151595
041 0 _aeng
100 1 _aNjuangang, S.
111 2 _aConstruction and Building Research Conference
_cDauphine Universite, Paris
_d2-3 September 2010
245 0 2 _aA critical review of the implication of outsourcing in the National Health Services (UK)
_ba facilities management perspective
_h[electronic resource]
260 _aLondon
_bRICS
_c2010
520 _aA paper presented at the COBRA Conference in Paris on 2-3 September 2010.
590 _aKA
650 2 4 _aCONSTRUCTION AND BUILDING RESEARCH CONFERENCE (COBRA)
651 4 _aUnited Kingdom
_y
690 _aMANAGEMENT-FACILITIES MANAGEMENT
700 1 _aLiyanage, C. L.
856 4 0 _uhttps://www.rics.org/site/scripts/download_info.aspx?fileID=8092&categoryID=720
_zBroken link - not available
942 _n0
999 _c111469
_d111469